Language Quiz

Random Language or Blitz Quiz

Vocabulary Blitz VII Quiz Stats

 Plays Quiz Updated Nov 3, 2016

Score 0/5 Timer 01:00
0 Plays Today
% Correct
mirage
97.1%
menagerie
89.4%
malaise
88%
milieu
76.5%
mélange
69.9%

You're not logged in!

Compare scores with friends on all Sporcle quizzes.
OR
Log In

Sporcle TV

Today on Sporcle TV


Watch our educational content, quiz creation guides, and fun videos on Sporcle TV.

Show Comments

Extras

Top Quizzes Today


Score Distribution

Your Account Isn't Verified!

In order to create a playlist on Sporcle, you need to verify the email address you used during registration. Go to your Sporcle Settings to finish the process.

Report this User

Report this user for behavior that violates our Community Guidelines.

Details: